[Event "Malakoff op 5th"]
[Site "Malakoff"]
[Date "2006.04.11"]
[Round "5"]
[White "Colot, Laurent"]
[Black "Zelewsky, Frank"]
[Result "1-0"]
[WhiteElo "1520"]
[BlackElo "1760"]
[PlyCount "39"]
[EventDate "2006.04.08"]
[EventType "swiss"]
[EventRounds "9"]
[EventCountry "FRA"]
[SourceTitle "CBM 111 Extra"]
[Source "ChessBase"]
[SourceDate "2006.05.09"]
[SourceVersion "1"]
[SourceVersionDate "2006.05.09"]
[SourceQuality "1"]

1. e4 c6 2. d4 d5 3. Nc3 dxe4 4. Nxe4 Bf5 5. Ng3 Bg6 6. Nf3 e6 7. h4 h6 8. h5 Bh7 9. Bd3 Bxd3 10. Qxd3 Nd7 11. Ne5 Nxe5 12. dxe5 Qa5+ 13. c3 Qxe5+ 14. Be3 Qd5 15. 0-0-0 Nf6 16. Bd4 Qxa2 17. Bxf6 Qa1+ 18. Kc2 Qa4+ 19. Kb1 c5 20. Qd8+ 1-0